Pokémon - Les attaques de Roitiflam - Statistiques

Statistiques générales
  • Ce quiz a été pris 43 fois
    19 depuis la dernière actualisation
  • Le résultat moyen est 12 sur 17
Statistiques - réponses
Niveaux Types Noms des attaques % Correct
Départ Normal Charge
100%
Départ Feu Flammèche
100%
Niveau 15 Feu Nitrocharge
100%
Niveau 31 Feu Tacle Feu
100%
Niveau 62 Feu Boutefeu
90%
Départ Combat Cogne
90%
Niveau 43 Feu Lance-Flammes
90%
Départ Normal Mimi-Queue
90%
Niveau 20 Poison Purédpois
90%
Niveau 28 Normal Bélier
80%
Niveau 50 Roche Fracass'Tête
80%
Réapprentissage Combat Marto-Poing
50%
Niveau 23 Roche Roulade
50%
Niveau 55 Normal Hurlement
40%
Niveau 13 Normal Boul'Armure
30%
Niveau 38 Ténèbres Assurance
20%
Réapprentissage Normal Ténacité
20%
Aucun quiz correspondant
Distribution des résultats
% des personnes avec chaque résultat
Percentile par nombre de réponses
Votre historique - résultats
Vous n’avez pas pris ce quiz depuis la dernière actualisation